serun
ՀԱՅ ԳԻՐՔ = Armenian Book
Normal view MARC view
  • Աղալյան, Արմեն Ֆրեյդունի,

Entry Personal Name

Number of records used in: 1

001 - CONTROL NUMBER

  • control field: 31369

003 - CONTROL NUMBER IDENTIFIER

  • control field: AM-YeNLA

005 - DATE AND TIME OF LATEST TRANSACTION

  • control field: 20160407115941.0

008 - FIXED-LENGTH DATA ELEMENTS

  • fixed length control field: 051129 a|ac|n|aab||||||||||||a |n|||||||

040 ## - CATALOGING SOURCE

  • Original cataloging agency: AM-YeNLA
  • Transcribing agency: AM-YeNLA

100 1# - HEADING--PERSONAL NAME

  • Personal name: Աղալյան, Արմեն Ֆրեյդունի,
  • Dates associated with a name: 1930-

400 1# - SEE FROM TRACING--PERSONAL NAME

  • Personal name: Աղալյան, Ա.Ֆ.
  • Fuller form of name: (Արմեն Ֆրեյդունի),
  • Dates associated with a name: 1930-

400 1# - SEE FROM TRACING--PERSONAL NAME

  • Personal name: Агалян, Армен Фрейдунович,
  • Dates associated with a name: 1930-

400 1# - SEE FROM TRACING--PERSONAL NAME

  • Personal name: Агалян, А.Ф.
  • Fuller form of name: (Армен Фрейдунович),
  • Dates associated with a name: 1930-

400 1# - SEE FROM TRACING--PERSONAL NAME

  • Personal name: Aghalyan, Armen Freyduni,
  • Dates associated with a name: 1930-

670 ## - SOURCE DATA FOUND

  • Source citation: Հայկական համառոտ հանրագիտարան, 1990 :
  • Information found: հ. 1 (Աղալյան Արմեն Ֆրեյդունի [1930, Երևան], հայ ճարտարապետ։ ՀՍՍՀ վաստ. ճարտ. (1983)); bIն.տ. (Ֆ. Աղալյանի որդին)

670 ## - SOURCE DATA FOUND

  • Source citation: Архитектура и градостроительство южных городов с учетом местных условий, 1999 :
  • Information found: т.л. (А.Ф. Агалян (отв. ред.))

Հայաստանի ազգային գրադարան ՀՀ, 0009,Երևան, Տերյան 72
Հետադարձ կապ